000 03066cam a22005774i 4500
003 PE-LiUPU
005 20250731172934.0
008 150623s1983 miu rb 000 0 eng d
020 _a0943872146
020 _a9780943872148
035 _a(Sirsi) a20684
040 _aPE-LiUPU
_bspa
_cPE-LiUPU
_dPE-LiUPU
_erda
082 0 4 _a220.15
_bL26
_221
100 1 _aLaRondelle, Hans K.,
_eautor.
245 1 4 _aThe Israel of God in prophecy :
_bprinciples of prophetic Interpretation /
_cHans K. LaRondelle.
264 1 _aMichigan :
_bAndrews University Press,
_c1983.
300 _a226 páginas ;
_c23 centímetros
336 _atext
_2rdacontent
337 _aunmediated
_2rdamedia
338 _avolume
_2rdacarrier
504 _aBibliografía: páginas 221-216.
505 0 _aThe Christocentric focus of all holy scripture -- The Key to the Old Testament: Literalism or the new testament? -- The literal and allegorical interpretations -- The typological interpretation -- The Christological interpretation -- The theological significance and mision of israel's remnant -- The ecclesiological interpretation of israel's remnant -- The church and israel in romans -- Israel's territorial promise in new testament perspective -- Problematic texts -- God's ultimatum to israel: the seventy weeks of Daniel -- The predicted tribulation and hope for the church.
526 _aSEG42
526 _aSEG41
526 _aSEG40
526 _aSEG39
526 _aP94
526 _aP87
526 _aP86
526 _aP85
526 _aP77
526 _aP76
526 _aP35
650 0 4 _aBiblia
_xProfecías.
650 0 4 _aHermenéutica bíblica.
942 _2ddc
_cBOOK
994 _aC0
_bPEPRU
596 _a1 4
999 _a220.15 L26
_wDEWEY
_c21069
_i00503
_f2019-12-9
_g4
_lCCODEBUL1
_mBUL
_p21.00
_r0
_sY
_tBOOK
_u2015-6-24
_xTEOLOGIA
_PP35
_0COMPRA
_o.STAFF. Colección Teología
_d21069
999 _a220.15 L26
_wDEWEY
_c3
_i53726
_d2018-5-21
_e2018-5-16
_f2021-11-11
_g5
_lCCODEBUL1
_mBUL
_n1
_p21.00
_r0
_sY
_tBOOK
_u2015-6-24
_xTEOLOGIA
_PP35
_0COMPRA
_o.STAFF. Colección Teología
999 _a220.15 L26
_wDEWEY
_c4
_i44194
_f2019-12-9
_g4
_lCCODEBUL1
_mBUL
_p21.00
_r0
_sY
_tBOOK
_u2015-6-24
_xTEOLOGIA
_PP35
_0COMPRA
_o.STAFF. Colección Teología
999 _a220.15 L26
_wDEWEY
_c5
_i40771
_f2021-11-11
_g5
_lCCODEBUL1
_mBUL
_p21.00
_r0
_sY
_tBOOK
_u2015-6-24
_xTEOLOGIA
_PP35
_0COMPRA
_o.STAFF. Colección Teología
999 _a220.15 L26
_wDEWEY
_c6
_i76055
_f2021-11-9
_g4
_lCCODEBUL1
_mBUL
_p21.00
_r0
_sY
_tBOOK
_u2017-6-1
_xTEOLOGIA
_PP35
_0DONACION
_o.STAFF. Colección Teología
999 _a220.15 L26
_wDEWEY
_c1
_i26433
_f2019-12-9
_g4
_lCCODECWL1
_mBWL
_p21.00
_r1
_sY
_tBOOK
_u2015-6-24
_xTEOLOGIA
_zP35
_0COMPRA
_o.STAFF. Colección Teología
980 _81
_gALBERTO SANCHEZ Responsable de Automatización